00802cam a2200241 a 4500001000800000005001700008008004100025010001700066020002800083040001800111041000800129043001200137080002100149082002500170100000700195101000800202245009000210504006600300906004500366942001200411999001700423952012000440252483420180220091948.0930921s1994 azuab bfs 001 0 eng  a 93036711  a0897747216 (alk. ppaer) aDLCcDLCdDLC aeng an-us--- a305.260973 FRA00a305.260973 FRA220 a55 aSTA00aStatistical handbook on aging Americans /cFrank L. Schick and Renee Schick, editors. aIncludes bibliographical references (p. [313]-329) and index. a7bcbccorignewd1eocipf19gy-gencatlg 2ddccBK c42949d42949 00102udc40708PËKGa002b002cPËKGd2018-02-20l0o305.260973 FRAp002-2999430r2018-02-20w2018-02-20yBK